Un anno di attività contro la discriminazione razziale : rapporto 2006.

Uloženo v:
Podrobná bibliografie
Korporativní autor: Italia. Dipartimento per le pari opportunità (Autor)
Médium: Kniha
Jazyk:italština
Vydáno: Roma : Presidenza del Consiglio dei ministri, ©2006
Témata:
Tagy: Přidat tag
Žádné tagy, Buďte první, kdo vytvoří štítek k tomuto záznamu!

MARC

LEADER 00000nam a2200000 i 4500
001 IT\ICCU\IEI\0262377
003 ItRI
005 20240403190432.0
008 070504s2006 it |||||| ||||| |||||c
040 |b ita  |c GP 
041 7 |a ita  |2 ISO-639-2 
082 |a 305.8  |2 20 
110 2 |a Italia.  |b Dipartimento per le pari opportunità  |0 IT\ICCU\RERV\037053  |4 aut 
245 0 3 |a Un anno di attività contro la discriminazione razziale :  |b rapporto 2006. 
260 |a Roma :  |b Presidenza del Consiglio dei ministri,  |c ©2006 
300 |a 201 p. ;  |c 24 cm 
500 |a Sul front.: Ministero per le pari opportunità. - 
650 7 |a Razzismo  |x Italia  |x Inchieste  |x 2006  |2 scbi 
942 |2 ddc  |c BK 
952 |0 0  |1 0  |2 ddc  |4 0  |6 305_000000000000000_UNA  |7 1  |9 1162  |a RM  |b RM  |d 2024-04-03  |l 0  |o 305 UNA  |p 703  |r 2024-04-03 19:04:57  |w 2024-04-03  |y BK 
981 1 |6 z01  |a i   |b xxxe  
982 1 |6 z01  |a n 
999 |c 1066  |d 1066